000 00869nam a22002657i 4500
003 DO-SdBNP
005 20250602100825.0
007 ta
008 250602b2011 |||||||| |||| 00| 0 spa d
020 _a9789945649598
040 _aDO-SdBNP
_bspa
_cBNPHU
_erda
041 _hspa
082 _axxx
_bG957c
_222
100 1 _aGuillaume, Olguens
_eautor
_987609
245 0 _aConfusión. libro 3= Konfizyon /
_cOlguens Guillaume
264 _aSantiago de los Caballeros :
_bAdosa Empowerment Scool,
_c2011.
300 _a207 páginas ;
_c24 cm
336 _ardacontent
_btexto
_2txt
337 _ardamedia
_bsin mediación
_2n
338 _ardacarrier
_bvolumen
_2nc
500 _aUn libro audiovisual que embarca concepto, palabras, y verbos, que, despuées de escuchar o leerlos crean confusión
590 _aInventariado, 2025/DG
910 _aDG
942 _2ddc
_cLBS1
999 _c58876
_d58876